| 000 | 00786nam a2200229Ii 4500 | ||
|---|---|---|---|
| 003 | JO-AjNU | ||
| 008 | 230605s9999||||xx |||||||||||||| ||und|| | ||
| 017 | _a2009/8/3786 | ||
| 020 | _a9957-16-559-8 | ||
| 040 |
_aJO-AjNU _bara _erda _cJO-AjNU |
||
| 041 | _aara | ||
| 050 | 1 | 4 | _aK2231.R386.2010 |
| 100 | 3 |
_a الرواشدة ، محمد نصر , _eauthor _912116 |
|
| 245 | 0 | 0 | _aإدارة الدعوى المدنية في النظام القضائي " دراسة مقارنة " |
| 250 | _aط1 | ||
| 264 | 3 | 1 | _aعمان : دار الثقافة ،2010 |
| 300 | _a319ص | ||
| 336 |
_atext _btxt _2rdacontent |
||
| 337 |
_aunmediated _bn _2rdamedia |
||
| 338 |
_avolume _bnc _2rdacarrier |
||
| 650 | 4 |
_aالقانون المدني -- أصول المحاكمات المدنية _912117 |
|
| 999 |
_aA2675 _c6243 _d6243 |
||